The world construction outlook (Record no. 81299)

MARC details
000 -LEADER
fixed length control field 01000cab a22001935a 4500
001 - CONTROL NUMBER
control field L146816
008 - FIXED-LENGTH DATA ELEMENTS--GENERAL INFORMATION
fixed length control field 090303e20090227xxkbdo f s 000 0 eng d
035 ## - SYSTEM CONTROL NUMBER
System control number (Sirsi) u146816
041 0# - LANGUAGE CODE
Language code of text/sound track or separate title eng
110 2# - MAIN ENTRY--CORPORATE NAME
Corporate name or jurisdiction name as entry element Davis Langdon
9 (RLIN) 4649
245 04 - TITLE STATEMENT
Title The world construction outlook
260 ## - PUBLICATION, DISTRIBUTION, ETC.
Date of publication, distribution, etc. 2009
490 #0 - SERIES STATEMENT
Series statement Building
Volume/sequential designation 274(8568) 27 February 2009, 62-68 (7)
520 ## - SUMMARY, ETC.
Summary, etc. Provides an overview of the state of the world in the construction market for 2008 and forecasts some of the trends for 2009. Reports that global growth is expected to be 1% in 2009. While many economies are in recession, developing economies could be more promising, particularly Brazil, China, Russia and India. Global construction spending growth decreased to 1% in 2008. Forecasts a significant recovery in 2012. Examines the construction market situation and prospects by continent or trading regional block.
590 ## - LOCAL NOTE (RLIN)
Local note KA
651 #4 - SUBJECT ADDED ENTRY--GEOGRAPHIC NAME
Geographic name International
690 ## - LOCAL SUBJECT ADDED ENTRY--TOPICAL TERM (OCLC, RLIN)
Topical term or geographic name as entry element BUILT ENVIRONMENT-CONSTRUCTION MARKET
942 ## - ADDED ENTRY ELEMENTS (KOHA)
Suppress in OPAC 0
Holdings
Withdrawn status Lost status Source of classification or shelving scheme Damaged status Not for loan Home library Current library Shelving location Date acquired Total Checkouts Full call number Barcode Date last seen Copy number Price effective from Koha item type
    Dewey Decimal Classification     London London Journal article 03/03/2009   L146816 146816-1001 06/08/2019 1 06/08/2019 Journal article